Normal view MARC view

Entry Nombre personal

Number of records used in: 4

001 - NÚMERO DE CONTROL

  • campo de control: 32878

003 - IDENTIFICADOR DEL NÚMERO DE CONTROL

  • campo de control: FranzMayer

005 - FECHA Y HORA DE LA ÚLTIMA TRANSACCIÓN

  • campo de control: 20260530113906.0

008 - DATOS DE LONGITUD FIJA

  • campo de control de longitud fija: 260530|| aca||aabn | a|a d

040 ## - FUENTE DE LA CATALOGACIÓN

  • Centro catalogador/agencia de origen: FranzMayer
  • Centro/agencia transcriptor: FranzMayer

100 ## - ENCABEZAMIENTO-NOMBRE DE PERSONA

  • Nombre de persona: Hammer, Dave
  • Fechas asociadas al nombre: nacimiento 1923

670 ## - FUENTE DE DATOS ENCONTRADOS

  • Cita de la fuente: Work cat.: (FranzMayer)11975: Follis, John, 1923-, 32875, Architectural signing and graphics